Analysis and design of foundations for vibrations / (Record no. 546460)
[ view plain ]
| 000 -LEADER | |
|---|---|
| fixed length control field | 01320cam a2200217 a 4500 |
| 020 ## - INTERNATIONAL STANDARD BOOK NUMBER | |
| International Standard Book Number | 9061915252 |
| 082 00 - DEWEY DECIMAL CLASSIFICATION NUMBER | |
| Classification number | 624.152 |
| Author Mark | MOO |
| -- | L-16, P-66 |
| 100 ## - MAIN ENTRY--PERSONAL NAME | |
| Personal name | Moore. J. P. |
| 9 (RLIN) | 42591 |
| 245 00 - TITLE STATEMENT | |
| Title | Analysis and design of foundations for vibrations / |
| Statement of responsibility, etc. | edited by P.J. Moore. |
| 260 ## - PUBLICATION, DISTRIBUTION, ETC. | |
| Place of publication, distribution, etc. | Rotterdam ; |
| -- | Boston : |
| Name of publisher, distributor, etc. | A.A. Balkema, |
| Date of publication, distribution, etc. | 1985. |
| 300 ## - PHYSICAL DESCRIPTION | |
| Extent | xiv, 512 p. : |
| Other physical details | ill. ; |
| Dimensions | 24 cm. |
| 505 0# - FORMATTED CONTENTS NOTE | |
| Formatted contents note | Vibration criteria / Peter J. Moore -- Vibration theory / Lewis C. Schmidt -- Vibrations of blocks and beams / John R. Styles -- Analysis of beams and frames / Richard Kohoutek -- Analysis of vibration records / Nicholas Haritos -- Theoretical solutions for foundations vibration problems / Peter J. Morre -- Design of shallow foundations / Peter J. Moore -- Design of deep foundations / John Howell -- Measurement of dynamic soil properties / Peter J. Hoadley -- Instrumentation / Lewis C. Schmidt -- Isolation techniques / Peter J. Moore -- Aspects of computer modelling / Richard Harris & Chris Sargood. |
| 526 ## - STUDY PROGRAM INFORMATION NOTE | |
| Program name | 0 |
| Interest level | 0 |
| Reading level | 0 |
| Title point value | 624_152000000000000_MOO |
| 650 #0 - SUBJECT ADDED ENTRY--TOPICAL TERM | |
| Topical term or geographic name entry element | Foundations |
| General subdivision | Design and construction. |
| 9 (RLIN) | 21251 |
| 650 #0 - SUBJECT ADDED ENTRY--TOPICAL TERM | |
| Topical term or geographic name entry element | MCE |
| 9 (RLIN) | 379 |
| 650 #0 - SUBJECT ADDED ENTRY--TOPICAL TERM | |
| Topical term or geographic name entry element | Soil mechanics. |
| 650 #0 - SUBJECT ADDED ENTRY--TOPICAL TERM | |
| Topical term or geographic name entry element | Vibration. |
| 9 (RLIN) | 39230 |
| 700 1# - ADDED ENTRY--PERSONAL NAME | |
| Personal name | Moore, P. J. |
| 9 (RLIN) | 42592 |
| 856 42 - ELECTRONIC LOCATION AND ACCESS | |
| Uniform Resource Identifier | <a href="http://www.loc.gov/catdir/enhancements/fy0917/86136883-d.html">http://www.loc.gov/catdir/enhancements/fy0917/86136883-d.html</a> |
| 942 ## - ADDED ENTRY ELEMENTS (KOHA) | |
| Source of classification or shelving scheme | |
| Koha item type | Book |
| Withdrawn status | Lost status | Source of classification or shelving scheme | Damaged status | Not for loan | Permanent Location | Current Location | Date acquired | Total Checkouts | Full call number | Barcode | Date last seen | Price effective from | Koha item type |
|---|---|---|---|---|---|---|---|---|---|---|---|---|---|
| Military College of Engineering (MCE) | Military College of Engineering (MCE) | 06/12/2014 | 624.152 MOO | MCE-24722 | 06/12/2014 | 06/12/2014 | Book |
